000 00704nam a2200217Ii 4500
003 JO-AjNU
008 230605s9999||||xx |||||||||||||| ||und||
017 _a96/2422
040 _aJO-AjNU
_bara
_erda
_cJO-AjNU
041 _aara
050 1 4 _aPC4721.A97 1998
100 3 _aعلي الاوسي,حكمت تأليف,
_eauthor
_913770
245 0 0 _aالقواعد الاساسية للغة الإسبانية=PRINCIPIOS DE GRAMATICA ESPANOLA
250 _aط1
264 3 1 _aبيروت:دار الجيل,1998
300 _a120ص
336 _atext
_btxt
_2rdacontent
337 _aunmediated
_bn
_2rdamedia
338 _avolume
_bnc
_2rdacarrier
650 4 _aاللغة-الغة الاسبانية
_913771
999 _aA3514
_c7082
_d7082